[Event "Wch Seniors 65 26th"]
[Site "Marianske Lazne"]
[Date "2016.11.29"]
[Round "10"]
[White "Kock, Hans Uwe"]
[Black "Vatansever, Abdullah"]
[Result "1-0"]
[WhiteElo "2037"]
[BlackElo "1938"]
[PlyCount "65"]
[EventDate "2016.11.19"]
[EventType "swiss"]
[EventRounds "11"]
[EventCountry "CZE"]
[SourceTitle "CBM 175 Extra"]
[Source "ChessBase"]
[SourceDate "2016.12.12"]
[SourceVersion "1"]
[SourceVersionDate "2016.12.12"]
[SourceQuality "1"]

1. d4 Nf6 2. c4 g6 3. Nc3 Bg7 4. e4 d6 5. h3 c6 6. Be3 a6 7. a4 Nbd7 8. Qc2 0-0 9. Nf3 Qc7 10. Be2 Re8 11. 0-0 b6 12. Rac1 Bb7 13. Rfd1 e5 14. d5 c5 15. g4 Bc8 16. Kh1 Nf8 17. Rg1 Bd7 18. Nh2 h6 19. Qd2 Kh7 20. h4 Ng8 21. Rg2 Qd8 22. g5 h5 23. Qd1 Bh8 24. Bxh5 gxh5 25. Qxh5+ Kg7 26. f4 exf4 27. Bxf4 Ng6 28. Rf1 Bh3 29. Ng4 Bxg2+ 30. Kxg2 Qd7 31. Ne3 N8e7 32. Bg3 Rg8 33. Qh6# 1-0

[Event "Wch Seniors 65 26th"]
[Site "Marianske Lazne"]
[Date "2016.11.22"]
[Round "4"]
[White "Janda, Zdenek"]
[Black "Vatansever, Abdullah"]
[Result "1/2-1/2"]
[WhiteElo "2114"]
[BlackElo "1938"]
[PlyCount "106"]
[EventDate "2016.11.19"]
[EventType "swiss"]
[EventRounds "11"]
[EventCountry "CZE"]
[SourceTitle "CBM 175 Extra"]
[Source "ChessBase"]
[SourceDate "2016.12.12"]
[SourceVersion "1"]
[SourceVersionDate "2016.12.12"]
[SourceQuality "1"]

1. d4 Nf6 2. Nf3 d5 3. c4 c6 4. cxd5 cxd5 5. Nc3 Nc6 6. Bf4 e6 7. e3 Bd6 8. Bg3 0-0 9. Bd3 a6 10. Rc1 h6 11. Bb1 Re8 12. 0-0 Bxg3 13. hxg3 Bd7 14. a3 Rc8 15. Qd3 g6 16. b4 Qe7 17. Rfe1 Red8 18. e4 dxe4 19. Nxe4 Nxe4 20. Qxe4 Qd6 21. Rcd1 Be8 22. Ba2 Rd7 23. Qg4 Qf8 24. Kh2 Rcd8 25. Rh1 Qg7 26. d5 exd5 27. Rhe1 f5 28. Qf4 Bf7 29. a4 b5 30. Rc1 Rd6 31. axb5 axb5 32. Rc5 Kh7 33. Rxb5 Qb2 34. Bb1 Qf6 35. Rb7 R8d7 36. Rxd7 Rxd7 37. g4 d4 38. b5 Ne7 39. g5 hxg5 40. Nxg5+ Kg7 41. Bd3 Bg8 42. g3 Nd5 43. Qh4 f4 44. Qg4 fxg3+ 45. Kxg3 Qd6+ 46. f4 Ne3 47. Qh3 Re7 48. Rh1 Nf5+ 49. Bxf5 Re3+ 50. Nf3 gxf5 51. Qxf5 Qg6+ 52. Qxg6+ Kxg6 53. Kf2 Rxf3+ 1/2-1/2

[Event "Wch Seniors 65 26th"]
[Site "Marianske Lazne"]
[Date "2016.11.20"]
[Round "2"]
[White "Sejkora, Vlastimil"]
[Black "Vatansever, Abdullah"]
[Result "1-0"]
[WhiteElo "2195"]
[BlackElo "1938"]
[PlyCount "63"]
[EventDate "2016.11.19"]
[EventType "swiss"]
[EventRounds "11"]
[EventCountry "CZE"]
[SourceTitle "CBM 175 Extra"]
[Source "ChessBase"]
[SourceDate "2016.12.12"]
[SourceVersion "1"]
[SourceVersionDate "2016.12.12"]
[SourceQuality "1"]

1. e4 e5 2. Nf3 Nc6 3. Bb5 a6 4. Bxc6 dxc6 5. 0-0 Bg4 6. h3 Bxf3 7. Qxf3 Nf6 8. d3 h6 9. Be3 g6 10. Nd2 Bg7 11. Nc4 Nd7 12. Rad1 c5 13. c3 Qe7 14. a3 0-0 15. b4 b6 16. Qg3 g5 17. Bc1 Rfe8 18. Ne3 cxb4 19. cxb4 Qe6 20. Nf5 Nf8 21. h4 f6 22. d4 Ng6 23. d5 Qd7 24. Qg4 Kh7 25. hxg5 fxg5 26. Bxg5 hxg5 27. Qh5+ Kg8 28. Qxg6 Kf8 29. Rd3 Qf7 30. Qxg5 Qf6 31. Qh5 Qf7 32. Qh7 1-0

[Event "EU-chT Seniors"]
[Site "Vienna"]
[Date "2015.07.15"]
[Round "4.12"]
[White "Ghijsen, Pim"]
[Black "Vatansever, Abdullah"]
[Result "1-0"]
[WhiteElo "2182"]
[BlackElo "2030"]
[PlyCount "121"]
[EventDate "2015.07.12"]
[EventType "team-swiss"]
[EventRounds "9"]
[EventCountry "AUT"]
[SourceTitle "EXT 2018"]
[Source "ChessBase"]
[SourceDate "2017.10.13"]
[SourceVersion "1"]
[SourceVersionDate "2017.10.13"]
[SourceQuality "1"]
[WhiteTeam "Oranje"]
[BlackTeam "Turkey"]
[WhiteTeamCountry "NED"]
[BlackTeamCountry "TUR"]

1. d4 Nf6 2. Nf3 e6 3. Bf4 d5 4. e3 Bd6 5. Ne5 0-0 6. Bd3 c5 7. c3 Nc6 8. Bg3 Ne7 9. Nd2 c4 10. Bc2 b5 11. a3 a5 12. 0-0 Bb7 13. Qe2 Qc7 14. Ng4 Nxg4 15. Qxg4 f5 16. Bxd6 Qxd6 17. Qf4 Qd7 18. Nf3 Ng6 19. Ne5 Nxe5 20. Qxe5 b4 21. axb4 axb4 22. cxb4 Bc6 23. Ra5 Rfb8 24. Rfa1 Kf7 25. Rxa8 Rxa8 26. Rxa8 Bxa8 27. Qb8 Bc6 28. Qb6 Ba4 29. Bb1 h6 30. g3 Kf6 31. Qa5 h5 32. Kf1 Qc6 33. Qc5 Qa6 34. Ke1 Kf7 35. Kd2 Kf6 36. Qa5 Qc6 37. Kc3 Kf7 38. Bc2 Bb5 39. Bd1 g6 40. Qa7+ Kg8 41. h3 Qe8 42. Bc2 Qc6 43. Qe7 Qa6 44. Qd8+ Kf7 45. Qa5 Qc6 46. Bd1 Kf6 47. Qa7 Qe8 48. Qb6 Ba4 49. b3 cxb3 50. Bxb3 Bxb3 51. Kxb3 Qa8 52. b5 Qa1 53. Qd8+ Kf7 54. Qc7+ Ke8 55. b6 Qa5 56. Qc6+ Kd8 57. Qd6+ Ke8 58. Qxe6+ Kd8 59. Qd6+ Ke8 60. Qc6+ Kd8 61. b7 1-0